[Event "VI Cerrado IRT Maspalomas 2013 GR A"]
[Site "?"]
[Date "2013.07.16"]
[Round "1.2"]
[White "Gonzalez Garcia, Guillermo W"]
[Black "De la Hoz Sanchez, Ruben"]
[Result "1-0"]
[WhiteElo "2158"]
[BlackElo "1939"]
[PlyCount "39"]
[EventDate "2013.07.18"]
[SourceDate "2013.07.17"]

1. Nf3 g6 2. e4 Bg7 3. d4 c5 4. dxc5 Qa5+ 5. c3 Qxc5 6. Be3 Qc7 7. Bd4 e5 8.
Be3 Nf6 9. Bd3 Nc6 10. Nbd2 O-O 11. O-O d5 12. Qc2 Bg4 13. Rad1 Rad8 14. h3
dxe4 15. Bxe4 Nxe4 16. hxg4 Nf6 17. g5 Nd5 18. Bc5 Rfe8 19. Ne4 b6 20. Bd6 1-0

[Event "VI Cerrado IRT Maspalomas 2013 GR A"]
[Site "?"]
[Date "2013.07.16"]
[Round "1.3"]
[White "Sanchez Quintero, Raul"]
[Black "Marrero Cardenes, Agustin"]
[Result "1/2-1/2"]
[WhiteElo "2135"]
[BlackElo "1993"]
[PlyCount "47"]
[EventDate "2013.07.18"]
[SourceDate "2013.07.17"]

1. e4 c6 2. d4 d5 3. Nc3 dxe4 4. Nxe4 Bf5 5. Ng3 Bg6 6. Nf3 Nd7 7. h4 h6 8. h5
Bh7 9. Bd3 Bxd3 10. Qxd3 e6 11. Bf4 Qa5+ 12. Bd2 Qc7 13. O-O-O Ngf6 14. Ne4
Nxe4 15. Qxe4 Nf6 16. Qd3 O-O-O 17. Be3 c5 18. Qc4 Rd5 19. Kb1 Be7 20. dxc5
Rhd8 21. Rxd5 Rxd5 22. b4 Qd7 23. Nd4 Kb8 24. a3 1/2-1/2

[Event "VI Cerrado IRT Maspalomas 2013 GR A"]
[Site "?"]
[Date "2013.07.16"]
[Round "1.4"]
[White "Gonzalez Intelangelo, Gerardo"]
[Black "Cruz Pino, Adrian"]
[Result "1/2-1/2"]
[WhiteElo "2022"]
[BlackElo "2007"]
[PlyCount "36"]
[EventDate "2013.07.18"]
[SourceDate "2013.07.17"]

1. d4 Nf6 2. Nf3 g6 3. c4 Bg7 4. Nc3 O-O 5. g3 d6 6. Bg2 c6 7. O-O Qc7 8. Nh4
Bg4 9. h3 Bc8 10. Qc2 e5 11. dxe5 dxe5 12. Nf3 Be6 13. b3 Rd8 14. Rd1 Nbd7 15.
Bb2 h6 16. e4 b6 17. Rac1 Rac8 18. h4 a5 1/2-1/2

[Event "VI Cerrado IRT Maspalomas 2013 GR A"]
[Site "?"]
[Date "2013.07.18"]
[Round "2.1"]
[White "Christine, Meyer"]
[Black "Cruz Pino, Adrian"]
[Result "0-1"]
[WhiteElo "1937"]
[BlackElo "2007"]
[PlyCount "110"]
[EventDate "2013.07.18"]
[SourceDate "2013.07.17"]

1. d4 Nf6 2. c4 g6 3. f3 Bg7 4. e4 d6 5. Nc3 Nbd7 6. Be3 h5 7. Qd2 c5 8. Nge2
b6 9. d5 Ne5 10. b3 a6 11. a4 Bd7 12. Nc1 Qc7 13. Nd3 Nxd3+ 14. Bxd3 Qb7 15.
O-O a5 16. Rae1 O-O-O 17. Nb5 Bxb5 18. cxb5 Qd7 19. Rc1 Kb7 20. Be2 Ra8 21.
Rfd1 Ng8 22. f4 Nf6 23. Bf3 Ng4 24. e5 Nxe3 25. Qxe3 Qd8 26. Kh1 Ka7 27. Rc2
Rc8 28. Re1 Rc7 29. Qd3 g5 30. e6 fxe6 31. Rxe6 gxf4 32. Qg6 Be5 33. h3 h4 34.
Re2 Qg8 35. Qe4 Qh7 36. Rxe5 dxe5 37. Qxe5 Kb8 38. d6 exd6 39. Qxd6 Ka7 40. Re6
Rb8 41. Qxf4 Rf7 42. Qd6 Rd7 43. Qe5 Qb1+ 44. Kh2 Qxb3 45. Qe4 Rbb7 46. Qc6
Qxa4 47. Qc8 Qf4+ 48. Kg1 Qc7 49. Qh8 Re7 50. Rxe7 Qxe7 51. Bxb7 Kxb7 52. Qh5
Ka7 53. Qd5 Qg7 54. Qd3 Qd4+ 55. Qxd4 cxd4 0-1

[Event "VI Cerrado IRT Maspalomas 2013 GR A"]
[Site "?"]
[Date "2013.07.18"]
[Round "2.2"]
[White "Marrero Cardenes, Agustin"]
[Black "Gonzalez Intelangelo, Gerardo"]
[Result "0-1"]
[WhiteElo "1993"]
[BlackElo "2022"]
[PlyCount "82"]
[EventDate "2013.07.18"]
[SourceDate "2013.07.17"]

1. d4 d5 2. c4 e6 3. Nc3 Nf6 4. Nf3 Be7 5. Bg5 O-O 6. e3 h6 7. Bh4 Ne4 8. Bxe7
Qxe7 9. cxd5 Nxc3 10. bxc3 exd5 11. h3 c5 12. Bd3 c4 13. Bc2 Nc6 14. O-O b5 15.
Re1 f5 16. Nd2 Qa3 17. Qf3 Be6 18. Rec1 Rae8 19. Bd1 Qd6 20. g3 Rb8 21. a3 Rb6
22. Qf4 Qe7 23. h4 Ra6 24. Rab1 Ra5 25. Nf3 Qxa3 26. Ra1 Qxa1 27. Rxa1 Rxa1 28.
Qd6 Rxd1+ 29. Kg2 Nd8 30. Qa6 Rb1 31. Qa2 Rb3 32. Qa1 b4 33. cxb4 Rxb4 34. Qxa7
Rb7 35. Qa6 Rc7 36. Ne5 c3 37. Qd6 Rc8 38. Ng6 Re8 39. Ne7+ Rxe7 40. Qxe7 c2
41. h5 Bf7 0-1

[Event "VI Cerrado IRT Maspalomas 2013 GR A"]
[Site "?"]
[Date "2013.07.18"]
[Round "2.3"]
[White "De la Hoz Sanchez, Ruben"]
[Black "Sanchez Quintero, Raul"]
[Result "1-0"]
[WhiteElo "1939"]
[BlackElo "2135"]
[PlyCount "41"]
[EventDate "2013.07.18"]
[SourceDate "2013.07.17"]

1. Nf3 Nf6 2. d4 e6 3. c4 c5 4. g3 cxd4 5. Nxd4 Nc6 6. Bg2 Bb4+ 7. Bd2 O-O 8.
Bxb4 Nxb4 9. Nc3 a6 10. O-O Qc7 11. b3 Rb8 12. Qd2 Rd8 13. a3 Nc6 14. Rfd1 Na5
15. Rab1 e5 16. Nc2 b5 17. Ne3 bxc4 18. Ncd5 Nxd5 19. Nxd5 c3 20. Qg5 h6 21.
Qh4 1-0

[Event "VI Cerrado IRT Maspalomas 2013 GR A"]
[Site "?"]
[Date "2013.07.23"]
[Round "3.1"]
[White "Gonzalez Garcia, Guillermo"]
[Black "Meyer, Christine"]
[Result "1-0"]
[WhiteElo "2158"]
[BlackElo "1937"]
[PlyCount "75"]
[EventDate "2013.07.18"]
[SourceDate "2013.07.17"]

1. Nf3 Nf6 2. c4 g6 3. g3 Bg7 4. Bg2 O-O 5. O-O c5 6. d4 cxd4 7. Nxd4 Nc6 8.
Nc3 a6 9. h3 e5 10. Nc2 d6 11. b3 Be6 12. Bb2 Qd7 13. Kh2 Rab8 14. a4 Ne7 15.
e4 Rfc8 16. Na3 Ne8 17. Qd2 f5 18. f4 exf4 19. gxf4 fxe4 20. Nxe4 Bxb2 21. Qxb2
Nf5 22. Rae1 Nfg7 23. Ng5 Nc7 24. Nxe6 Ngxe6 25. f5 Nf8 26. Be4 d5 27. cxd5
Nxd5 28. Qg2 Qd6+ 29. Kh1 Nf4 30. Qg3 Qxa3 31. Rxf4 Rc1 32. Bd5+ Kh8 33. Qe3
Rxe1+ 34. Qxe1 Qb2 35. f6 Rc8 36. Bc4 b5 37. Qe7 Ne6 38. Qxe6 1-0

[Event "VI Cerrado IRT Maspalomas 2013 GR A"]
[Site "?"]
[Date "2013.07.23"]
[Round "3.2"]
[White "Sanchez Quintero, Raul"]
[Black "Natalicchio Escalante, Nicolas"]
[Result "0-1"]
[WhiteElo "2135"]
[BlackElo "2229"]
[PlyCount "73"]
[EventDate "2013.07.18"]
[SourceDate "2013.07.17"]

1. e4 c5 2. Nf3 e6 3. d3 d5 4. Nbd2 Nf6 5. g3 Nc6 6. Bg2 Be7 7. O-O O-O 8. Re1
b5 9. e5 Nd7 10. c4 Nb4 11. cxd5 Nxd5 12. Ne4 Bb7 13. h4 Qc7 14. Bg5 h6 15.
Bxe7 Nxe7 16. Rc1 Qb6 17. Qd2 Ng6 18. b4 cxb4 19. d4 a5 20. g4 Rac8 21. Rcd1
Bxe4 22. Rxe4 Qd8 23. h5 Nh4 24. Nxh4 Qxh4 25. Qe2 Nb6 26. g5 Qxg5 27. Rg4 Qe7
28. Rd3 Rc3 29. Rdg3 Rxg3 30. Rxg3 Rc8 31. Be4 Rc1+ 32. Kg2 Qh4 33. Rh3 Qf4 34.
Rg3 Nc4 35. Rg4 Qd2 36. Qf3 Ra1 37. Bc6 0-1

[Event "VI Cerrado IRT Maspalomas 2013 GR A"]
[Site "?"]
[Date "2013.07.23"]
[Round "3.3"]
[White "Gonzalez Intelangelo, Gerardo"]
[Black "De la Hoz Sanchez, Ruben"]
[Result "1-0"]
[WhiteElo "2022"]
[BlackElo "1939"]
[PlyCount "65"]
[EventDate "2013.07.18"]
[SourceDate "2013.07.17"]

1. d4 Nf6 2. c4 e6 3. Nc3 d5 4. Bg5 Be7 5. e3 O-O 6. Bd3 Nbd7 7. cxd5 exd5 8.
Qc2 b6 9. Nge2 Bb7 10. O-O Re8 11. f3 h6 12. Bh4 Nf8 13. Bf2 Ne6 14. Ng3 c5 15.
Bb5 Rf8 16. Nf5 cxd4 17. Nxe7+ Qxe7 18. exd4 Rac8 19. Rfe1 Ne8 20. Bxe8 Qxe8
21. Re5 Qc6 22. Rae1 Rfd8 23. Qd2 Qc4 24. a3 b5 25. f4 a5 26. h4 b4 27. axb4
axb4 28. Ne2 Qb3 29. Nc1 Qc4 30. f5 Nf8 31. f6 Ne6 32. fxg7 Kxg7 33. Rh5 1-0

[Event "VI Cerrado IRT Maspalomas 2013 GR A"]
[Site "?"]
[Date "2013.07.23"]
[Round "3.4"]
[White "Cruz Pino, Adrian"]
[Black "Marrero Cardenes, Agustin"]
[Result "1/2-1/2"]
[WhiteElo "2007"]
[BlackElo "1993"]
[PlyCount "34"]
[EventDate "2013.07.18"]
[SourceDate "2013.07.17"]

1. e4 c6 2. c4 e6 3. Nc3 d5 4. d4 dxe4 5. Nxe4 Bb4+ 6. Nc3 Nf6 7. Qd3 c5 8. a3
Ba5 9. Be3 Nc6 10. d5 exd5 11. Bxc5 d4 12. Qe2+ Be6 13. O-O-O Bxc3 14. bxc3 Qa5
15. cxd4 O-O-O 16. Qb2 b6 17. Bb4 Nxb4 1/2-1/2

[Event "VI Cerrado IRT Maspalomas 2013 GR A"]
[Site "?"]
[Date "2013.07.23"]
[Round "4.1"]
[White "Meyer, Christine"]
[Black "Marrero Cardenes, Agustín"]
[Result "0-1"]
[WhiteElo "1937"]
[BlackElo "1993"]
[PlyCount "84"]
[EventDate "2013.07.18"]
[SourceDate "2013.07.17"]

1. d4 f5 2. Nf3 Nf6 3. c4 g6 4. Nc3 Bg7 5. Bf4 O-O 6. e3 d6 7. h3 c6 8. Bd3 Qe8
9. Qc2 Nbd7 10. Bh2 e5 11. dxe5 dxe5 12. Be2 a5 13. O-O Nh5 14. a3 f4 15. e4 h6
16. b4 g5 17. b5 Qg6 18. bxc6 bxc6 19. c5 Nxc5 20. Nd5 cxd5 21. Qxc5 dxe4 22.
Nxe5 Bxe5 23. Qxe5 Bf5 24. Rab1 Ng7 25. Bc4+ Kh8 26. Rb7 Qf6 27. Qb5 Qd4 28. h4
Rac8 29. Bb3 e3 30. fxe3 Qxe3+ 31. Kh1 Qd3 32. Re1 Qd2 33. Qe5 Qc3 34. Bg1 Qxe5
35. Rxe5 Rfe8 36. Rxa5 Rc1 37. Kh2 g4 38. Rxg7 Kxg7 39. Bd5 Kg6 40. Ra6+ Re6
41. Rxe6+ Kh5 42. Re1 g3+ 0-1

[Event "VI Cerrado IRT Maspalomas 2013 GR A"]
[Site "?"]
[Date "2013.07.23"]
[Round "4.2"]
[White "De la Hoz Sanchez, Ruben"]
[Black "Cruz Pino, Adrian"]
[Result "1-0"]
[WhiteElo "1939"]
[BlackElo "2007"]
[PlyCount "99"]
[EventDate "2013.07.18"]
[SourceDate "2013.07.17"]

1. e4 c5 2. Nc3 Nc6 3. g3 Rb8 4. Bg2 b5 5. f4 g6 6. Nf3 Bg7 7. O-O b4 8. Ne2
Qb6 9. d3 d6 10. c3 a5 11. Be3 Ba6 12. Qd2 bxc3 13. bxc3 Qb2 14. Rfd1 Qxd2 15.
Rxd2 Nf6 16. h3 Kd7 17. g4 Rhc8 18. Rad1 a4 19. Ng3 Na5 20. Ng5 Ne8 21. e5 h6
22. Nxf7 Ke6 23. Nxh6 a3 24. Be4 Kd7 25. Nf7 Rb2 26. Bxg6 Rcb8 27. Ne4 Bb5 28.
exd6 exd6 29. Rf2 Ba4 30. Rdd2 Rxd2 31. Rxd2 Rb2 32. Nfxd6 Nxd6 33. Nxc5+ Kc6
34. Nxa4 Rxd2 35. Bxd2 Kb5 36. Kf2 Kxa4 37. Ke2 Nb3 38. Kd1 Nxd2 39. Kxd2 Ka5
40. h4 Nb5 41. d4 Bf8 42. Bd3 Nc7 43. Bc4 Kb6 44. Kd3 Kc6 45. Ke4 Kd7 46. Kf5
Ke7 47. h5 Ne8 48. Kg6 Nd6 49. Bd3 Nf7 50. g5 1-0

[Event "VI Cerrado IRT Maspalomas 2013 GR A"]
[Site "?"]
[Date "2013.07.23"]
[Round "4.3"]
[White "Natalicchio Escalante, Nicolas"]
[Black "Gonzalez Intelangelo, Gerardo"]
[Result "1/2-1/2"]
[WhiteElo "2229"]
[BlackElo "2022"]
[PlyCount "73"]
[EventDate "2013.07.18"]
[SourceDate "2013.07.17"]

1. e4 c6 2. d4 d5 3. Nc3 dxe4 4. Nxe4 Nf6 5. Nxf6+ exf6 6. c3 Bd6 7. Bd3 O-O 8.
Ne2 Re8 9. Be3 Kh8 10. O-O Nd7 11. Ng3 Nf8 12. Qd2 Qc7 13. f4 Ng6 14. Bxg6 hxg6
15. c4 f5 16. Qd3 Bd7 17. Ne2 Be7 18. Nc3 Bf6 19. d5 Qd6 20. Rad1 Re7 21. Bd4
c5 22. Bf2 Rae8 23. a3 b6 24. g3 g5 25. fxg5 Bxg5 26. Rfe1 Qh6 27. Rxe7 Rxe7
28. Qf3 Qd6 29. Re1 Rxe1+ 30. Bxe1 Qe5 31. Qh5+ Bh6 32. Bf2 Kg8 33. Qe2 Qd6 34.
b4 g6 35. Qf3 Bc1 36. Qe2 Bh6 37. Qf3 1/2-1/2

[Event "VI Cerrado IRT Maspalomas 2013 GR A"]
[Site "?"]
[Date "2013.07.23"]
[Round "4.4"]
[White "Gonzalez Garcia, Guillermo"]
[Black "Sanchez Quintero, Raul"]
[Result "1/2-1/2"]
[WhiteElo "2158"]
[BlackElo "2135"]
[PlyCount "49"]
[EventDate "2013.07.18"]
[SourceDate "2013.07.17"]

1. e4 e5 2. Nf3 Nc6 3. Bb5 a6 4. Ba4 Nf6 5. d3 d6 6. O-O Be7 7. c3 b5 8. Bb3
O-O 9. Nbd2 Na5 10. Bc2 c5 11. h3 Re8 12. Re1 Bf8 13. Nf1 h6 14. Ng3 g6 15. d4
Qe7 16. b3 Bb7 17. d5 Bc8 18. a4 b4 19. cxb4 cxb4 20. Bd2 Rb8 21. Re3 Nh7 22.
Qe1 Qb7 23. Nh2 Bg7 24. Ne2 Nf6 25. g4 1/2-1/2

[Event "VI Cerrado IRT Maspalomas 2013 GR A"]
[Site "?"]
[Date "2013.07.25"]
[Round "5.2"]
[White "Gonzalez Intelangelo, Gerardo"]
[Black "Gonzalez Garcia, Guillermo W."]
[Result "1-0"]
[WhiteElo "2022"]
[BlackElo "2158"]
[PlyCount "69"]
[EventDate "2013.07.18"]
[SourceDate "2013.07.17"]

1. c4 Nf6 2. Nc3 d6 3. e4 g6 4. g3 Bg7 5. Bg2 h5 6. Nf3 e5 7. h3 c6 8. d4 Qc7
9. Be3 exd4 10. Nxd4 O-O 11. Qd2 Nbd7 12. Bh6 Nb6 13. b3 d5 14. cxd5 cxd5 15.
Bxg7 Kxg7 16. exd5 Nbxd5 17. Nxd5 Nxd5 18. O-O Rd8 19. Rac1 Qb6 20. Rfd1 Qf6
21. Qa5 b6 22. Qa4 Bb7 23. Nc6 Nc3 24. Rxd8 Rxd8 25. Qc4 Rd1+ 26. Rxd1 Nxd1 27.
Qd4 Qxd4 28. Nxd4 Bxg2 29. Kxg2 a6 30. f4 Nc3 31. a3 Kf6 32. Kf3 Ke7 33. Ke3
Kd6 34. Kd3 Nd1 35. h4 1-0

[Event "VI Cerrado IRT Maspalomas 2013 GR A"]
[Site "?"]
[Date "2013.07.25"]
[Round "5.3"]
[White "Cruz Pino, Adrian"]
[Black "Natalicchio Escalante, Nicolas"]
[Result "1/2-1/2"]
[WhiteElo "2007"]
[BlackElo "2229"]
[PlyCount "60"]
[EventDate "2013.07.18"]
[SourceDate "2013.07.17"]

1. d4 Nf6 2. Nf3 e6 3. c4 Bb4+ 4. Bd2 Be7 5. Nc3 d5 6. e3 O-O 7. Bd3 dxc4 8.
Bxc4 a6 9. a4 c5 10. dxc5 Bxc5 11. O-O Nc6 12. Qe2 e5 13. Rfd1 Bg4 14. h3 Bh5
15. g4 Bg6 16. Nh4 Bc2 17. Rdc1 Nb4 18. Nf3 Bd3 19. Bxd3 Nxd3 20. Rd1 e4 21.
Nxe4 Nxe4 22. Be1 f5 23. Rxd3 Qf6 24. Nd4 fxg4 25. hxg4 Ng5 26. f4 Nh3+ 27. Kg2
Nxf4+ 28. exf4 Bxd4 29. Bc3 Qc6+ 30. Kh3 Qh6+ 1/2-1/2

[Event "VI Cerrado IRT Maspalomas 2013 GR A"]
[Site "?"]
[Date "2013.07.25"]
[Round "5.4"]
[White "Marrero Cardenes, Agustin"]
[Black "De la Hoz Sanchez, Ruben"]
[Result "1/2-1/2"]
[WhiteElo "1993"]
[BlackElo "1939"]
[PlyCount "66"]
[EventDate "2013.07.18"]
[SourceDate "2013.07.17"]

1. c4 f5 2. Nc3 Nf6 3. g3 e5 4. Bg2 Nc6 5. d3 d6 6. e4 fxe4 7. dxe4 Nd4 8. Nge2
c5 9. Bg5 Be7 10. Bxf6 Bxf6 11. O-O O-O 12. Nxd4 cxd4 13. Nd5 Be6 14. f4 Bxd5
15. cxd5 Qb6 16. fxe5 dxe5 17. Qd2 h6 18. h4 Rac8 19. Rac1 Be7 20. Rxf8+ Rxf8
21. Bh3 d3+ 22. Kg2 Bb4 23. Qxd3 Qf2+ 24. Kh1 Qxb2 25. Rc2 Qb1+ 26. Kh2 Bc5 27.
Be6+ Kh8 28. Rd2 Rf2+ 29. Kh3 Qh1+ 30. Kg4 Rxd2 31. Qxd2 Qxe4+ 32. Kh3 Qh1+ 33.
Kg4 Qe4+ 1/2-1/2

[Event "VI Cerrado IRT Maspalomas 2013 GR A"]
[Site "?"]
[Date "2013.07.27"]
[Round "6.1"]
[White "Meyer, Christine"]
[Black "De la Hoz Sanchez, Ruben"]
[Result "1/2-1/2"]
[WhiteElo "1937"]
[BlackElo "1939"]
[PlyCount "28"]
[EventDate "2013.07.18"]
[SourceDate "2013.07.17"]

1. d4 Nf6 2. c4 e6 3. Nc3 Bb4 4. e3 b6 5. Bd3 Bb7 6. Nf3 Ne4 7. Bd2 Bxc3 8.
Bxc3 O-O 9. O-O f5 10. Nd2 Nxc3 11. bxc3 Qh4 12. f3 Qg5 13. Qe1 d6 14. Qf2 Nd7
1/2-1/2

[Event "VI Cerrado IRT Maspalomas 2013 GR A"]
[Site "?"]
[Date "2013.07.27"]
[Round "6.2"]
[White "Natalicchio Escalante, Nicolas"]
[Black "Marrero Cardenes, Agustin"]
[Result "1/2-1/2"]
[WhiteElo "2229"]
[BlackElo "1993"]
[PlyCount "56"]
[EventDate "2013.07.18"]
[SourceDate "2013.07.17"]

1. c4 e6 2. g3 d5 3. Bg2 c6 4. Qc2 f5 5. Nf3 Nf6 6. O-O Bd6 7. d3 O-O 8. Nc3
Qe7 9. e4 Nbd7 10. Re1 fxe4 11. dxe4 d4 12. Nxd4 Bc5 13. Nb3 Ng4 14. Nd1 Bxf2+
15. Nxf2 Nxf2 16. Qe2 Ne5 17. Be3 Nfd3 18. Red1 Rd8 19. Rd2 b6 20. Nd4 c5 21.
Rxd3 Ba6 22. Bg5 Qd7 23. Nc6 Nxd3 24. Nxd8 Rxd8 25. Bxd8 Qd4+ 26. Kh1 Nf2+ 27.
Kg1 Nh3+ 28. Kh1 Nf2+ 1/2-1/2

[Event "VI Cerrado IRT Maspalomas 2013 GR A"]
[Site "?"]
[Date "2013.07.27"]
[Round "6.3"]
[White "Gonzalez Garcia, Guillermo"]
[Black "Cruz Pino, Adrian"]
[Result "1-0"]
[WhiteElo "2158"]
[BlackElo "2007"]
[PlyCount "93"]
[EventDate "2013.07.18"]
[SourceDate "2013.07.17"]

1. Nf3 Nf6 2. c4 e6 3. g3 b6 4. Bg2 Bb7 5. O-O Be7 6. Nc3 O-O 7. Re1 Ne4 8.
Nxe4 Bxe4 9. d3 Bb7 10. d4 Be4 11. Qb3 Nc6 12. Bd2 a5 13. Rac1 Ra7 14. Qe3 f5
15. a3 a4 16. Bc3 Qa8 17. Bh3 Bxf3 18. exf3 Na5 19. Qd3 f4 20. d5 Nb3 21. Rc2
Nc5 22. Qd1 fxg3 23. hxg3 Bd6 24. f4 exd5 25. cxd5 Qd8 26. Rce2 Ra8 27. Re3 Rf7
28. R1e2 Re7 29. Be5 Bxe5 30. fxe5 Re8 31. f4 d6 32. Bg2 Rb8 33. Qd4 Ra8 34.
exd6 Rxe3 35. Rxe3 cxd6 36. Bh3 Qf6 37. Qxf6 gxf6 38. Bg2 Ra5 39. Bf1 Ra8 40.
Bb5 Ra5 41. Be2 Nb3 42. Re6 Rc5 43. Rxd6 Rc1+ 44. Kf2 Nd4 45. Bd3 Rd1 46. Ke3
Nb3 47. Rxb6 1-0

[Event "VI Cerrado IRT Maspalomas 2013 GR A"]
[Site "?"]
[Date "2013.07.27"]
[Round "6.4"]
[White "Sanchez Quintero, Raul"]
[Black "Gonzalez Intelangelo, Gerardo"]
[Result "1/2-1/2"]
[WhiteElo "2135"]
[BlackElo "2022"]
[PlyCount "22"]
[EventDate "2013.07.18"]
[SourceDate "2013.07.17"]

1. e4 e5 2. Nf3 Nc6 3. Bb5 a6 4. Bxc6 dxc6 5. d4 exd4 6. Qxd4 Qxd4 7. Nxd4 c5
8. Nf3 Bd7 9. O-O O-O-O 10. Nc3 Ne7 11. Be3 Nc6 1/2-1/2

[Event "VI Cerrado IRT Maspalomas 2013 GR A"]
[Site "?"]
[Date "2013.07.30"]
[Round "7.1"]
[White "Gonzalez Intelangelo, Gerardo"]
[Black "Meyer, Christine"]
[Result "1/2-1/2"]
[WhiteElo "2022"]
[BlackElo "1937"]
[PlyCount "42"]
[EventDate "2013.07.18"]
[SourceDate "2013.07.17"]

1. d4 Nf6 2. c4 e6 3. Nc3 d5 4. Nf3 Be7 5. cxd5 exd5 6. Bg5 Be6 7. e3 O-O 8.
Qc2 c6 9. Bd3 Nbd7 10. O-O Re8 11. Bxf6 Nxf6 12. Rab1 a5 13. a3 h6 14. b4 axb4
15. axb4 Nd7 16. b5 Nf8 17. bxc6 bxc6 18. Rb7 Rb8 19. Rxb8 Qxb8 20. Rb1 Qa7 21.
Ne5 Rc8 1/2-1/2

[Event "VI Cerrado IRT Maspalomas 2013 GR A"]
[Site "?"]
[Date "2013.07.30"]
[Round "7.4"]
[White "De la Hoz Sanchez, Ruben"]
[Black "Natalicchio Escalante, Nicolas"]
[Result "0-1"]
[WhiteElo "1939"]
[BlackElo "2229"]
[PlyCount "82"]
[EventDate "2013.07.18"]
[SourceDate "2013.07.17"]

1. d4 Nf6 2. Nf3 e6 3. Bg5 c5 4. e3 b6 5. Bd3 Bb7 6. Nbd2 cxd4 7. exd4 Be7 8.
c3 Nc6 9. Qe2 O-O 10. O-O Nd5 11. Qe4 f5 12. Qh4 Bxg5 13. Qxg5 Qxg5 14. Nxg5
Nf4 15. Bc2 Rf6 16. Ngf3 Rd8 17. Bd1 Ba6 18. c4 g5 19. b3 d6 20. Nxg5 Nxd4 21.
g3 Nfe2+ 22. Bxe2 Nxe2+ 23. Kg2 Bb7+ 24. f3 e5 25. Rad1 h6 26. Nh3 Nd4 27. Ng1
f4 28. Ne4 Bxe4 29. fxe4 Nc2 30. Rd3 Rdf8 31. Rc1 Nd4 32. Rf1 fxg3 33. Rxg3+
Kf7 34. Rxf6+ Kxf6 35. Kf2 a6 36. Ke3 b5 37. Nf3 Ne6 38. Nh4 Nf4 39. Nf5 bxc4
40. Nxd6 c3 41. Rg1 Rd8 0-1

[Event "VI Torneo IRT Cerrado Maspalomas 2013 Grupo B "]
[Site "San Bartolomé de Tirajana, Gran Canaria, España."]
[Date "2013.07.16"]
[Round "1.1"]
[White "Jimenez Mendoza, Jose Miguel"]
[Black "Suarez Fleitas, Alberto"]
[Result "1-0"]
[WhiteElo "1743"]
[BlackElo "1462"]
[PlyCount "0"]
[EventDate "2013.07.16"]

1. d4 d5 2. Bf4 Nf6 3. Nf3 Bg4 4. e3 e6 5. Be2 Be7 6. h3 Bf5 7. Nbd2 Nbd7 8.
Ne5 c5 9. c3 Nxe5 10. dxe5 Nd7 11. Nf3 Qc7 12. Bd3 Bxd3 13. Qxd3 c4 14. Qc2 Nc5
15. O-O O-O 16. Nd4 a6 17. Bh2 Qd7 18. f4 f6 19. f5 fxe5 20. Bxe5 Bf6 21. fxe6
Nxe6 22. Bxf6 Rxf6 23. Rxf6 gxf6 24. Rf1 Rf8 25. Qf5 Qf7 26. Qg4+ Qg6 27. Qxe6+
Qf7 28. Rxf6 Qxe6 29. Rxe6 Rd8 30. Re7 b5 31. g4 Rd6 32. Kg2 Kf8 33. Re5 h6 34.
Kg3 Kf7 35. Kf4 Kg6 36. h4 Rf6+ 37. Kg3 Rd6 38. h5+ Kg7 39. Kf4 Rf6+ 40. Rf5
Rxf5+ 41. Kxf5 1-0

[Event "VI Torneo IRT Cerrado Maspalomas 2013 Grupo B "]
[Site "San Bartolomé de Tirajana, Gran Canaria, España."]
[Date "2013.07.16"]
[Round "1.2"]
[White "Monzon Aleman, Ayoze"]
[Black "Morales Sanchez, Domingo"]
[Result "1-0"]
[WhiteElo "1743"]
[BlackElo "1468"]
[PlyCount "0"]
[EventDate "2013.07.16"]

1. e4 c5 2. Nf3 Nc6 3. Be2 d6 4. d4 cxd4 5. Nxd4 Nf6 6. Nc3 a6 7. O-O e6 8. Be3
Be7 9. a3 O-O 10. Nb3 Qc7 11. f4 Rd8 12. Kh1 b6 13. Bf3 Rb8 14. Qe2 Bb7 15. Qf2
Nd7 16. Rad1 Nc5 17. f5 Bf6 18. fxe6 fxe6 19. Qg3 Na7 20. Bf4 Nc8 21. e5 Be7
22. Nxc5 bxc5 23. Ne4 Bxe4 24. Bxe4 d5 25. Bd3 c4 26. Be2 Rxb2 27. Bh5 Rf8 28.
Bh6 Bc5 29. Rxf8+ Bxf8 30. Rf1 Qe7 31. Bg5 Qc5 32. Bf7+ Kh8 33. Bxe6 Rxc2 34.
Bd8 Nb6 35. Qf3 h6 36. Qxf8+ Qxf8 37. Rxf8+ Kh7 1-0

[Event "VI Torneo IRT Cerrado Maspalomas 2013 Grupo B "]
[Site "San Bartolomé de Tirajana, Gran Canaria, España."]
[Date "2013.07.16"]
[Round "1.3"]
[White "Gonzalez Acosta, Pablo"]
[Black "Perez Cardona, Jose Fernando"]
[Result "0-1"]
[WhiteElo "1649"]
[BlackElo "1471"]
[PlyCount "0"]
[EventDate "2013.07.16"]

1. d4 Nf6 2. Nf3 e6 3. e3 c5 4. Bd3 Nc6 5. c3 d5 6. Nbd2 cxd4 7. exd4 Bd6 8.
O-O O-O 9. Re1 Re8 10. h3 Qc7 11. b3 e5 12. dxe5 Nxe5 13. Nxe5 Qxc3 14. Rb1
Bxe5 15. Nf3 Qc7 16. Bg5 Qd6 17. Qc2 Ne4 18. Bxe4 dxe4 19. Rbd1 Qg6 20. Nxe5
Qxg5 21. Qc7 Bxh3 22. Qxf7+ Kh8 23. g3 Qxe5 24. Rd7 Bxd7 0-1

[Event "VI Torneo IRT Cerrado Maspalomas 2013 Grupo B "]
[Site "San Bartolomé de Tirajana, Gran Canaria, España."]
[Date "2013.07.16"]
[Round "1.4"]
[White "Monteiro Rodrigues, Carlos"]
[Black "Diaz Mendoza, Eladio"]
[Result "1-0"]
[WhiteElo "1554"]
[BlackElo "1520"]
[PlyCount "0"]
[EventDate "2013.07.16"]

1. e4 e5 2. Nf3 d6 3. d4 exd4 4. Qxd4 Nc6 5. Bb5 Bd7 6. Bxc6 Bxc6 7. Nc3 Nf6 8.
Bg5 Be7 9. O-O-O O-O 10. h4 h6 11. Nd5 Bxd5 12. Bxf6 Bxf6 13. Qxd5 b6 14. g4
Re8 15. g5 hxg5 16. hxg5 Be5 17. g6 Rf8 18. gxf7+ Rxf7 19. Rh5 c6 20. Qd3 Bf4+
21. Kb1 Qf6 22. e5 Qd8 23. exd6 Bh6 24. Rxh6 gxh6 25. Qg6+ Rg7 26. Qxh6 Qf8 27.
d7 Rd8 28. Qxc6 Qe7 29. Qc4+ Kf8 30. Rh1 Qf7 31. Rh8+ Rg8 32. Qb4+ Kg7 33. Qd4+
Kf8 34. Qd6+ 1-0

[Event "VI Torneo IRT Cerrado Maspalomas 2013 Grupo B "]
[Site "San Bartolomé de Tirajana, Gran Canaria, España."]
[Date "2013.07.18"]
[Round "2.1"]
[White "Suarez Fleitas, Alberto"]
[Black "Diaz Mendoza, Eladio"]
[Result "1-0"]
[WhiteElo "1462"]
[BlackElo "1520"]
[PlyCount "0"]
[EventDate "2013.07.16"]

1. e4 e6 2. d4 Ne7 3. c4 Ng6 4. Bd3 Bb4+ 5. Bd2 Bxd2+ 6. Qxd2 O-O 7. Ne2 d6 8.
O-O Nd7 9. Nbc3 b6 10. b4 Bb7 11. a4 Qe7 12. d5 e5 13. a5 bxa5 14. Rxa5 c5 15.
Nb5 cxb4 16. Nc7 Nc5 17. Nxa8 Rxa8 18. Rb1 Qc7 19. Qxb4 a6 20. Rxc5 Qxc5 21.
Qxc5 dxc5 22. Rxb7 a5 23. d6 a4 24. Bb1 Kf8 25. Rb5 a3 26. Ba2 f6 27. Rxc5 Ke8
28. Rb5 Kd7 29. Rb6 Nf8 30. Nc3 Ne6 31. Nb5 Nc5 32. f3 Nd3 33. Rb7+ Kc6 34. Ra7
Rd8 35. Rxa3 Nb4 36. Bb3 Kc5 37. Ra7 Nd3 38. Rc7+ Kb4 39. Bc2 Nb2 40. Na7 Rxd6
41. Rb7+ Kc3 42. Nb5+ 1-0

[Event "VI Torneo IRT Cerrado Maspalomas 2013 Grupo B "]
[Site "San Bartolomé de Tirajana, Gran Canaria, España."]
[Date "2013.07.18"]
[Round "2.2"]
[White "Perez Cardona, Jose Fernando"]
[Black "Monteiro Rodrigues, Carlos"]
[Result "1/2-1/2"]
[WhiteElo "1471"]
[BlackElo "1554"]
[PlyCount "0"]
[EventDate "2013.07.16"]

1. e4 e5 2. Nf3 Nc6 3. Bb5 a6 4. Bxc6 dxc6 5. d4 exd4 6. Qxd4 Qxd4 7. Nxd4 Nf6
8. f3 Bd6 9. O-O O-O 10. Be3 Re8 11. Re1 c5 12. Ne2 b5 13. a3 Nd5 14. Bf2 Nf6
15. c3 Be6 16. Bg3 Bxg3 17. Nxg3 Rad8 18. Kf2 Rd3 19. e5 Nd7 20. Ne4 Rd8 21.
Re3 Rd1 22. Re1 Rd5 23. c4 bxc4 24. Nbc3 Rxe5 25. Rad1 Re8 26. f4 Rf5 27. g3
Kf8 28. Ng5 Nf6 29. Nf3 Rh5 30. Kg2 Bh3+ 31. Kg1 Rxe1+ 32. Rxe1 Bf5 33. Ne5 g5
34. fxg5 Rxg5 35. Nf3 Rg7 1/2-1/2